Beat the odds (Record no. 112764)

MARC details
000 -LEADER
fixed length control field 00690nam a2200253Ia 4500
008 - FIXED-LENGTH DATA ELEMENTS--GENERAL INFORMATION
fixed length control field 191130s2003##################000#0#eng##
020 ## - INTERNATIONAL STANDARD BOOK NUMBER
ISBN 9781580420662
082 ## - DEWEY DECIMAL CLASSIFICATION NUMBER
Classification number 795 ALL
100 ## - MAIN ENTRY--AUTHOR NAME
Personal name Allen, J. Edward
245 ## - TITLE STATEMENT
Title Beat the odds
Statement of responsibility, etc J. Edward Allen
250 ## - EDITION STATEMENT
Edition statement 4th ed
260 ## - PUBLICATION, DISTRIBUTION, ETC. (IMPRINT)
Place of publication Brooklyn, NY
Name of publisher Cardoza Publishing
Year of publication 2003
300 ## - PHYSICAL DESCRIPTION
Number of Pages 320 p. : ill. ; 18 cm
500 ## - GENERAL NOTE
General note At foot of title: Gambling Research Institute
650 ## - SUBJECT ADDED ENTRY--TOPICAL TERM
Topical Term Gambling
Topical Term Games
Topical Term Probabilities
710 ## - ADDED ENTRY--CORPORATE NAME
Corporate name or jurisdiction name as entry element Gambling Research Institute
991 ## -
-- 325714
Holdings
Withdrawn status Lost status Damaged status Not for loan Home library Current library Shelving location Date acquired Full call number Accession Number Price effective from Koha item type
        Anna Centenary Library Anna Centenary Library 6TH FLOOR, B WING 12.10.2020 795 ALL 473514 12.10.2020 English Books

Find us on the map